El dramatismo en la poesía de Federico García Lorca
Uloženo v:
| Hlavní autor: | |
|---|---|
| Médium: | Kniha |
| Jazyk: | španělština |
| Vydáno: |
Santiago
Universitaria
1961
|
| Edice: | <El >espejo de papel
|
| Témata: | |
| Tagy: |
Přidat tag
Žádné tagy, Buďte první, kdo vytvoří štítek k tomuto záznamu!
|
MARC
| LEADER | 00000nam a2200000 a 4500 | ||
|---|---|---|---|
| 001 | UCY7823 | ||
| 003 | CL-VaPUC | ||
| 008 | 950622e19610000CL |||||||||||||||||spa|d | ||
| 082 | 0 | 4 | |a 861.09 |b SCA |2 21 |
| 100 | 0 | |a Scarpa, Roque Esteban |e author |9 338660 | |
| 245 | 1 | 3 | |a El dramatismo en la poesía de Federico García Lorca |
| 300 | |a 108 p | ||
| 942 | |c BK | ||
| 945 | |d 19950622 00:00:00 |a rbrito | ||
| 260 | |a Santiago |b Universitaria |c 1961 | ||
| 600 | 0 | |a García Lorca, Federico |e autor |9 315690 | |
| 650 | 0 | |a Poesía española |9 264938 | |
| 650 | 0 | |a Crítica literaria |9 269189 | |
| 583 | |a last modification |c 19950622 00:00:00 |k Rodrigo Vera | ||
| 490 | 0 | |a <El >espejo de papel | |
| 999 | |c 235130 |d 235128 | ||
| 952 | |0 0 |1 0 |4 0 |6 861_090000000000000_SCA_1961 |7 0 |8 A |9 242336 |a BIBEDU |b BIBEDU |d 2019-11-18 |i 3096424 |o 861.09 SCA 1961 |p 3096424 |r 2019-11-18 |w 2019-11-18 |y BK |k LIT | ||
| 952 | |0 0 |1 0 |4 0 |6 861_090000000000000_SCA_1961 |7 0 |8 A |9 242337 |a BIBEDU |b BIBEDU |d 2019-11-18 |i 3157547 |o 861.09 SCA 1961 |p 3157547 |r 2019-11-18 |w 2019-11-18 |y BK |k LIT | ||